Caça ao tesouro (Record no. 76016)
[ view plain ]
| 000 -LÍDER | |
|---|---|
| campo de controle de tamanho fixo | 00830 a2200217 4500 |
| 001 - NÚMERO DE CONTROLE | |
| campo de controle | 76016 |
| 020 ## - ISBN - INTERNATIONAL STANDARD BOOK NUMBER | |
| ISBN - International Standard Book Number | 9788574120034 |
| 041 ## - CÓDIGO DE IDIOMA | |
| Código do idioma do texto/trilha sonora ou título diferente | por |
| 082 ## - CDD - CLASSIFICAÇÃO DECIMAL DE DEWEY | |
| Número de Classificação | 028.5 |
| 040 ## - FONTE DA CATALOGAÇÃO | |
| Instituição da catalogação original | BR-BrIDEA |
| Instituição que transcreveu o registro | BR-BrIDEA |
| 090 ## - NÚMERO DE CHAMADA LOCAL | |
| Número de chamada (OCLC) (R); Número de chamada, CALL (RLIN) (NR) | Year 4 028 |
| Número Cutter local (OCLC); Número de classificação do livro, CALL (RLIN) | WOO |
| 100 ## - ENTRADA PRINCIPAL--NOME PESSOAL | |
| Nome pessoal | Wood, A.J. |
| 245 10 - TÍTULO | |
| Título | Caça ao tesouro |
| Indicação de responsabilidade, etc. | A.J Wood; ilustrações de Maggie Downer; tradução de Gilda Aquino |
| 260 ## - PUBLICAÇÃO, DISTRIBUIÇÃO, ETC. | |
| Local de publicação, distribuição, etc. | São Paulo |
| Nome do editor, distribuidor, etc. | Brinque-Book |
| Data da publicação, distribuição, etc. | 1998 |
| 520 ## - NOTA DE RESUMO, ETC | |
| Resumo, etc. | Partir em busca de um tesouro é uma aventura que povoa a imaginação de todos nós. Quem gosta de dar asas à imaginação pode começar a viver esta aventura de verdade. Caça ao Tesouro é um livro, é um jogo, é uma viagem. |
| 521 ## - NOTA DO PÚBLICO ALVO | |
| Nota de público alvo | Year 4 |
| 697 ## - ENTRADA DE ASSUNTO LOCAL--ENTIDADE COLETIVA (RLIN) | |
| Nome corporativo ou nome da jurisdição | Literatura infanto-juvenil |
| 700 ## - ENTRADA ADICIONADA - NOME PESSOAL | |
| Nome pessoal | Downer, Maggie |
| Função do autor por extenso | Ilustradora |
| Nome pessoal | Aquino, Gilda de |
| Função do autor por extenso | Tradutor |
| 856 ## - LOCALIZAÇÃO ELETRÔNICA E ACESSO | |
| Uniform Resource Identifier | <a href="000025/00002512.jpg">000025/00002512.jpg</a> |
| 942 ## - ELEMENTOS DE ENTRADA ADICIONADOS (KOHA) | |
| Tipo de material Koha | Livros |
| Situação do descarte | Situação das perdas | Situação física | Não pode ser emprestado | Biblioteca de origem | Biblioteca atual | Data de aquisição | Total de empréstimos | Número de chamada completo | Código de barras | Data de último acesso | Data do preço efetivo | Tipo de material Koha | Fonte da classificação ou esquema de arquivamento na estante | Data do último empréstimo |
|---|---|---|---|---|---|---|---|---|---|---|---|---|---|---|
| Colégio São Paulo | Colégio São Paulo | 22/11/2023 | LI 028.5 W873c | 8155/CSP | 22/11/2023 | 22/11/2023 | Livros | |||||||
| ECB - SUDOESTE | ECB - SUDOESTE | 20/05/2014 | Year 4 028 | 00008951SSW | 23/01/2024 | 23/01/2024 | Livros | Classificação Decimal de Dewey | ||||||
| ECB - SUDOESTE | ECB - SUDOESTE | 07/08/2015 | Year 4 028 | 00016532SSW | 23/01/2024 | 23/01/2024 | Livros | Classificação Decimal de Dewey | ||||||
| ECB - ÁGUAS CLARAS | ECB - ÁGUAS CLARAS | 16/06/2021 | A Year 4 028 WOO | 00054374AGC | 23/01/2024 | 23/01/2024 | Livros | Classificação Decimal de Dewey | ||||||
| ECB - ÁGUAS CLARAS | ECB - ÁGUAS CLARAS | 16/06/2021 | 2 | A Year 4 028 WOO | 00054375AGC | 15/05/2024 | 23/01/2024 | Livros | Classificação Decimal de Dewey | 29/04/2024 | ||||
| Leonardo Da Vinci - Granja Viana | Leonardo Da Vinci - Granja Viana | 27/03/2024 | IJ W853c | G01723 | 27/03/2024 | 27/03/2024 | Livros | |||||||
| Leonardo Da Vinci - Granja Viana | Leonardo Da Vinci - Granja Viana | 27/03/2024 | IJ W853c | G02069 | 27/03/2024 | 27/03/2024 | Livros | |||||||
| Leonardo Da Vinci - Granja Viana | Leonardo Da Vinci - Granja Viana | 27/03/2024 | IJ W853c | G010282 | 27/03/2024 | 27/03/2024 | Livros | |||||||
| Leonardo Da Vinci - Osasco | Leonardo Da Vinci - Osasco | 27/03/2024 | IJ W853c | O014608 | 27/03/2024 | 27/03/2024 | Livros |